00000000cam 2200000zi 4500
0019.947545
003CaOODSP
00520260604150113
006m     o  d f      
007cr cn|||||||||
008250129s2025    onca    o    f000 0 eng d
020 |a9780660754857
040 |aCaOODSP|beng|erda|cCaOODSP
043 |an-cn---
0861 |aCH57-4/82-2025E-PDF
24500|a4 main causes of museum fires ...and how you can help prevent them!
264 1|a[Ottawa] : |bCanadian Conservation Institute = Institut canadien de conservation, |c[2025]
300 |a1 online resource (1 unnumbered page) : |bcolour illustrations
336 |atext|btxt|2rdacontent
337 |acomputer|bc|2rdamedia
338 |aonline resource|bcr|2rdacarrier
500 |aIssued also in French under title: 4 principales causes d'incendie dans les musées ...et comment vous pourriez les prévenir!
500 |a"Based on data from 100 museum fires reported between 1994 and 2004 in Canada."
650 0|aMuseum buildings|xFires and fire prevention|zCanada.
7102 |aCanadian Conservation Institute, |eissuing body.
7101 |aCanada. |bCanadian Heritage, |eissuing body.
77508|t4 principales causes d'incendie dans les musées.|w(CaOODSP)9.947546
85640|qPDF|s899 KB|uhttps://publications.gc.ca/collections/collection_2026/pch/CH57-4-82-2025-eng.pdf
8564 |qHTML|sN/A|uhttps://www.canada.ca/en/services/culture/history-heritage/museology-conservation/preservation-conservation/tools-resources/causes-museum-fires.html